Statistics for The Beatles songs by first letter :)

Click here to take the quiz!

General Stats

  • This quiz has been taken 171 times
  • The average score is 8 of 15

Answer Stats

Hint (album)A% Correct
a hard days nighta hard days night
85%
magical mystery tourall you need is love
71%
sgt peppersa day in the life
70%
a hard days nightand i love her
66%
let it beacross the universe
64%
please please meanna
63%
revolverand your bird can sing
52%
yellow submarineall together now
50%
helpanother girl
42%
please please mea taste of honey
40%
help!act naturally
39%
a hard days nightany time at all
38%
please please meask me why
38%
with the beatlesall ive got to do
32%
anthologyain't she sweet
9%

Score Distribution

Percentile by Number Answered

Percent of People with Each Score

Your Score History

You have not taken this quiz